[Event "4th Lost Boys tournament, Group A"]
[Site "Antwerp"]
[Date "1997.08.01"]
[Round "1"]
[White "Boey, Jozef Martin"]
[Black "Georgiev, Kiril Dimitrov"]
[Result "1/2-1/2"]
[WhiteElo "2290"]
[BlackElo "2670"]
[WhiteTitle "IM"]
[BlackTitle "GM"]
[Source "http://www.lostcity.nl/chess/antwerp97/games.html"]
[Board "1"]

1. e4 c5 2. Nf3 d6 3. d4 Nf6 4. Nc3 cxd4 5. Nxd4 a6 6. Be2 g6 7. Be3 Bg7 8. f3
Nbd7 9. Qd2 b5 10. a4 b4 11. Na2 a5 12. c3 bxc3 13. Nxc3 Bb7 14. g4 O-O 15. h4
Nc5 16. Rd1 h5 17. gxh5 Nxh5 18. Bh6 Ne6 19. Nxe6 fxe6 20. Rg1 Kh7 21. Bxg7 Nxg7
22. Qg5 Qe8 23. f4 Rg8 24. Rd3 Nh5 25. f5 gxf5 26. Qxg8+ Qxg8 27. Rxg8 Rxg8
28. Bxh5 fxe4 29. Rh3 e5 30. Bf7 Rg2 31. b3 Kh6 32. Bd5 Bxd5 33. Nxd5 e6 34. Nf6
d5 35. Nd7 d4 36. Nxe5 Kh5 37. Nc4 Kg4 38. Rh1 Ra2 39. Rg1+ Kxh4 40. Ne5 Ra1+
41. Kf2 Ra2+ 42. Ke1 Ra1+ 43. Kf2 Ra2+ 44. Ke1 1/2-1/2

[Event "4th Lost Boys tournament, Group A"]
[Site "Antwerp"]
[Date "1997.08.01"]
[Round "1"]
[White "Mork, Kjell-Arne"]
[Black "Nijboer, Friso"]
[Result "0-1"]
[WhiteElo "2290"]
[BlackElo "2605"]
[BlackTitle "GM"]
[Source "http://www.lostcity.nl/chess/antwerp97/games.html"]
[Board "5"]

1. e4 c5 2. Nc3 e6 3. f4 d5 4. Bb5+ Bd7 5. Bxd7+ Qxd7 6. d3 dxe4 7. dxe4 Qxd1+
8. Nxd1 Nc6 9. c3 Nf6 10. Nf2 c4 11. Be3 Nd7 12. Nf3 Bc5 13. Bxc5 Nxc5 14. Ke2
Ke7 15. Rhd1 Na4 16. Rd2 Rhd8 17. Rad1 b5 18. Rxd8 Nxd8 19. Rd2 Nc6 20. Nd1 Rc8
21. Ke3 a5 22. Nd4 Nxd4 23. Rxd4 Rc5 24. h3 g5 25. Rd2 gxf4+ 26. Kxf4 Nb6
27. Ke3 Nd7 28. Kd4 Rc8 29. b3 Nb6 30. Nb2 cxb3 31. axb3 a4 32. bxa4 bxa4
33. Rc2 a3 34. Nd3 Rd8+ 35. Ke3 Nc4+ 36. Ke2 Kd6 37. Ra2 Kc6 38. Nc1 Kb5 39. Ra1
Rd2+ 40. Ke1 Rxg2 41. Rb1+ Rb2 0-1

[Event "4th Lost Boys tournament, Group A"]
[Site "Antwerp"]
[Date "1997.08.01"]
[Round "1"]
[White "Van Beers, Eddy"]
[Black "Wells, Peter Kenneth"]
[Result "1/2-1/2"]
[WhiteElo "2275"]
[BlackElo "2530"]
[BlackTitle "GM"]
[Source "http://www.lostcity.nl/chess/antwerp97/games.html"]
[Board "9"]

1. d4 Nf6 2. c4 e6 3. Nc3 Bb4 4. g3 O-O 5. Bg2 d5 6. Nf3 dxc4 7. O-O Nc6 8. Re1
Nd5 9. Qc2 Be7 10. a3 Nb6 11. Rd1 Na5 12. Rb1 Bd7 13. Ne5 Be8 14. Be4 f5 15. Bf3
Qc8 16. e4 c5 17. Be3 cxd4 18. Bxd4 Bc5 19. exf5 Bxd4 20. Rxd4 Rxf5 21. Re1 Nc6
22. Nxc6 Bxc6 23. Bg4 Rf6 24. Ne4 Bxe4 25. Qxe4 Qc5 26. Bxe6+ Kh8 27. Qe5 Qc6
28. Rf4 Rxf4 29. Qxf4 c3 30. bxc3 1/2-1/2

[Event "4th Lost Boys tournament, Group A"]
[Site "Antwerp"]
[Date "1997.08.01"]
[Round "1"]
[White "Barua, Dibyendu"]
[Black "Van der Stricht, Geert"]
[Result "0-1"]
[WhiteElo "2515"]
[BlackElo "2270"]
[WhiteTitle "GM"]
[Source "http://www.lostcity.nl/chess/antwerp97/games.html"]
[Board "10"]

1. e4 c5 2. Nf3 d6 3. d4 cxd4 4. Nxd4 Nf6 5. Nc3 a6 6. Be2 e5 7. Nf3 Be7 8. O-O
O-O 9. Re1 Qc7 10. Bf1 Be6 11. Nd5 Nxd5 12. exd5 Bg4 13. c4 Nd7 14. b3 f5
15. Bb2 a5 16. Qc2 Bxf3 17. gxf3 Bg5 18. Bh3 g6 19. a3 Qd8 20. b4 b6 21. Bf1 Bf4
22. h3 Qg5+ 23. Kh1 axb4 24. axb4 Bd2 25. Reb1 Qf4 26. Qb3 e4 27. Rxa8 Rxa8
28. c5 bxc5 29. Bb5 c4 30. Qd1 c3 31. Bxd7 cxb2 32. Kg2 Bc3 33. b5 Ra1 34. b6
Qg5+ 35. Kh2 Rxb1 36. Qxb1 Be5+ 37. f4 Qxf4+ 0-1

[Event "4th Lost Boys tournament, Group A"]
[Site "Antwerp"]
[Date "1997.08.01"]
[Round "1"]
[White "Docx, Stefan"]
[Black "Shchekachev, Andrei"]
[Result "0-1"]
[WhiteElo "2265"]
[BlackElo "2510"]
[WhiteTitle "FM"]
[BlackTitle "GM"]
[Source "http://www.lostcity.nl/chess/antwerp97/games.html"]
[Board "11"]

1. e4 d6 2. Nc3 g6 3. f4 Bg7 4. Nf3 a6 5. a4 Nf6 6. Bc4 O-O 7. d3 c5 8. O-O Nc6
9. h3 b6 10. Qe1 e6 11. Bb3 Rb8 12. Be3 d5 13. Bf2 c4 14. dxc4 dxe4 15. Nxe4
Nxe4 16. Qxe4 Bb7 17. Qe3 Ba8 18. c3 Qc7 19. Ba2 Rfe8 20. Bg3 Ne7 21. Bh2 Nf5
22. Qf2 Rbd8 23. Rae1 Qc6 24. Bb3 Bf8 25. Qe2 Bc5+ 26. Kh1 Ne3 27. Rg1 Nxg2 0-1

[Event "4th Lost Boys tournament, Group A"]
[Site "Antwerp"]
[Date "1997.08.01"]
[Round "1"]
[White "Stefanova, Antoaneta"]
[Black "De Jonghe, Peter"]
[Result "1-0"]
[WhiteElo "2450"]
[BlackElo "2255"]
[WhiteTitle "WGM"]
[BlackTitle "FM"]
[Board "12"]

1. d4 Nf6 2. Nf3 g6 3. Nc3 d5 4. Bf4 Bg7 5. e3 O-O 6. Be2 c6 7. Ne5 Nfd7 8. h4
Nxe5 9. Bxe5 f6 10. Bg3 e5 11. h5 Be6 12. Qd2 Nd7 13. O-O-O Qa5 14. f4 exd4
15. exd4 b5 16. a3 Nb6 17. Ne4 Qxd2+ 18. Nxd2 Rfe8 19. Bd3 gxh5 20. f5 Bf7
21. Bf4 Nc4 22. Nf1 Rad8 23. Ng3 Ne3 24. Rdg1 Ng4 25. Rf1 Rd7 26. Nxh5 Bxh5
27. Rxh5 Bf8 28. Kd2 Rde7 29. Rf3 Rg7 30. Rh4 a6 31. Rf1 c5 32. Be2 Nh6 33. Bxh6
Rxg2 34. Re1 Re4 35. Bxf8 Rxh4 36. Bxc5 Rhh2 37. Kd1 h5 38. Bd6 Rh4 39. c3 Re4
40. Bxh5 Rxe1+ 1-0

[Event "4th Lost Boys tournament, Group A"]
[Site "Antwerp"]
[Date "1997.08.01"]
[Round "1"]
[White "de Waal, Mark"]
[Black "Barsov, Alexei"]
[Result "1-0"]
[WhiteElo "2255"]
[BlackElo "2475"]
[BlackTitle "IM"]
[Source "365chess.com"]
[Board "13"]

1. d4 e6 2. c4 Nf6 3. Nf3 d5 4. Bg5 Be7 5. Nc3 h6 6. Bh4 O-O 7. e3 b6 8. Qc2
Bb7 9. cxd5 Nxd5 10. Bxe7 Qxe7 11. Nxd5 Bxd5 12. Be2 c5 13. O-O Nd7 14. dxc5
Nxc5 15. b3 a5 16. Bc4 Bxf3 17. gxf3 Qf6 18. Qe2 a4 19. b4 Nd7 20. Bb5 Ne5
21. f4 Ng6 22. Bc6 Ra7 23. Qb5 e5 24. Qxb6 Re7 25. b5 exf4 26. Qd4 Re5 27. Kh1
Rd8 28. Qb2 Qh4 29. Rad1 Rxd1 30. Rxd1 Rh5 31. f3 fxe3 32. b6 Nf4 33. b7 e2
34. b8=Q+ Kh7 35. Be4+ f5 36. Bxf5+ Rxf5 37. Rg1 Rg5 38. Qc2+ Rg6 39. Qe8 1-0

[Event "4th Lost Boys tournament, Group A"]
[Site "Antwerp"]
[Date "1997.08.01"]
[Round "1"]
[White "van den Doel, Erik"]
[Black "Guedon, Stéphane"]
[Result "1-0"]
[WhiteElo "2440"]
[BlackElo "2255"]
[WhiteTitle "IM"]
[Board "14"]

1. e4 d5 2. exd5 Qxd5 3. Nc3 Qa5 4. d4 c6 5. Nf3 Nf6 6. Bc4 Bf5 7. Bd2 e6
8. Qe2 Bb4 9. O-O-O Nbd7 10. a3 Bxc3 11. Bxc3 Qc7 12. Ne5 Nd5 13. Bd2 Nxe5
14. dxe5 O-O-O 15. g4 Bg6 16. f4 h5 17. h3 Qb6 18. Rhf1 hxg4 19. hxg4 Rh3 20. f5
exf5 21. e6 f4 22. Bxd5 cxd5 23. exf7 f3 24. Qe7 Qc7 25. Qe6+ 1-0

[Event "4th Lost Boys tournament, Group A"]
[Site "Antwerp"]
[Date "1997.08.01"]
[Round "1"]
[White "Daverkausen, Bernd"]
[Black "Ree, Hans"]
[Result "1/2-1/2"]
[WhiteElo "2245"]
[BlackElo "2435"]
[BlackTitle "GM"]
[Source "365chess.com"]
[Board "15"]

1. Nf3 c5 2. e4 Nc6 3. d4 cxd4 4. Nxd4 g6 5. c4 Nf6 6. Nc3 d6 7. Be2 Nxd4
8. Qxd4 Bg7 9. Bg5 O-O 10. Qd2 a6 11. O-O Be6 12. Rac1 b5 13. cxb5 axb5 14. Bxb5
Bxa2 15. Bc6 Ra6 16. Nxa2 Rxa2 17. Rc2 Qb6 18. Be3 Qb8 19. h3 h5 20. Rfc1
1/2-1/2

[Event "4th Lost Boys tournament, Group A"]
[Site "Antwerp"]
[Date "1997.08.01"]
[Round "1"]
[White "Röder, Mathias"]
[Black "Middelburg, Tom"]
[Result "1-0"]
[WhiteElo "2435"]
[BlackElo "2245"]
[WhiteTitle "IM"]
[Source "365chess.com"]
[Board "16"]

1. Nf3 c5 2. c4 b6 3. d4 cxd4 4. Nxd4 Bb7 5. Nc3 g6 6. e4 Bg7 7. Be3 Nc6 8. Be2
Nf6 9. O-O Qb8 10. f4 d6 11. Rc1 O-O 12. Nd5 Nxd4 13. Nxe7+ Kh8 14. Bxd4 Bxe4
15. Bf3 Qb7 16. Nd5 Bxd5 17. cxd5 Ne8 18. Bxg7+ Nxg7 19. Qd4 Qe7 20. Rfe1 Qd8
21. Rc6 Re8 22. Rxe8+ Qxe8 23. Qc3 Rd8 24. Kf2 Qe7 25. g3 Kg8 26. Rc7 Rd7
27. Rc8+ Rd8 28. Qc7 Qxc7 29. Rxc7 Ra8 30. Be2 Ne8 31. Rb7 Nf6 32. Bb5 Ne4+
33. Ke3 Nc5 34. Rc7 a5 35. b3 f5 36. Kd4 Rb8 37. Re7 Ne4 38. g4 Nf6 39. gxf5
gxf5 40. Re6 Kf7 41. Rxd6 Rg8 42. Ke5 1-0

[Event "4th Lost Boys tournament, Group A"]
[Site "Antwerp"]
[Date "1997.08.01"]
[Round "1"]
[White "van den Berg, Ad"]
[Black "Bosboom, Manuel"]
[Result "1/2-1/2"]
[WhiteElo "2245"]
[BlackElo "2430"]
[BlackTitle "IM"]
[Source "365chess.com"]
[Board "17"]

1. e4 c5 2. Nf3 d6 3. Nc3 Nf6 4. e5 dxe5 5. Nxe5 a6 6. Bc4 e6 7. O-O Qd4 8. Re1
Bd6 9. Bb5+ Nbd7 10. Nf3 Qb4 11. Bf1 O-O 12. a4 Qa5 13. d3 Qc7 14. a5 Nb8
15. Ne4 Nxe4 16. dxe4 Nc6 17. Bd2 Rd8 18. g3 Bd7 19. Bc3 Ne5 20. Nd2 Bb5 21. f4
Nc6 22. Bg2 c4 23. Qh5 g6 24. Qg4 Bb4 25. Nf3 Bxc3 26. bxc3 Nxa5 27. Qg5 Nc6
28. f5 exf5 29. exf5 Qd6 30. Qh6 Qf8 31. Qh4 gxf5 32. Qg5+ Qg7 33. Qxf5 Qxc3
34. Ra3 Qg7 35. Rae3 Qg6 36. Qf4 h6 37. Bh3 Rd5 38. Re6 fxe6 39. Bxe6+ Kg7
40. Bxd5 Rf8 41. Qc7+ Kh8 42. Be4 Qg7 43. Qb6 Re8 44. Kf2 Ne5 1/2-1/2

[Event "4th Lost Boys tournament, Group A"]
[Site "Antwerp"]
[Date "1997.08.01"]
[Round "1"]
[White "Shirazi, Kamran"]
[Black "Van Hul, Chris"]
[Result "1-0"]
[WhiteElo "2430"]
[BlackElo "2245"]
[WhiteTitle "IM"]
[Source "365chess.com"]
[Board "18"]

1. e4 e5 2. Nf3 f5 3. Nxe5 Nc6 4. d4 Qh4 5. Nf3 Qxe4+ 6. Be2 Nf6 7. O-O Kd8
8. Re1 Qe8 9. d5 Ne7 10. d6 cxd6 11. Nc3 d5 12. Nb5 a6 13. Nd6 1-0

[Event "4th Lost Boys tournament, Group A"]
[Site "Antwerp"]
[Date "1997.08.01"]
[Round "1"]
[White "Henris, Luc"]
[Black "Gershon, Alik"]
[Result "1-0"]
[WhiteElo "2240"]
[BlackElo "2420"]
[WhiteTitle "FM"]
[BlackTitle "IM"]
[Source "365chess.com"]
[Board "19"]

1. e4 c5 2. c3 Nf6 3. e5 Nd5 4. d4 cxd4 5. Nf3 Nc6 6. Bc4 Nb6 7. Bb3 d6 8. exd6
Qxd6 9. Na3 dxc3 10. Qe2 a6 11. O-O e6 12. bxc3 Be7 13. Rd1 Qc5 14. Nc2 Qh5
15. Be3 Nd7 16. Ncd4 Nde5 17. Nxc6 Nxc6 18. Bb6 O-O 19. Qe3 Bf6 20. Rd2 e5
21. h3 Re8 22. Ba4 Bf5 23. Rd6 Rac8 24. Bxc6 bxc6 25. Re1 e4 26. Nd4 c5 27. Nc6
Bd7 28. Na7 Bg5 29. Qg3 Rb8 30. Bxc5 Be7 31. Bd4 Bg4 32. Rd7 Qf5 33. Rxe7 1-0

[Event "4th Lost Boys tournament, Group A"]
[Site "Antwerp"]
[Date "1997.08.01"]
[Round "1"]
[White "van Mil, Johan"]
[Black "Bezemer, Arno"]
[Result "1-0"]
[WhiteElo "2420"]
[BlackElo "2240"]
[WhiteTitle "IM"]
[Source "365chess.com"]
[Board "20"]

1. e4 c5 2. c3 d5 3. exd5 Qxd5 4. d4 cxd4 5. cxd4 Nc6 6. Be3 e5 7. Nc3 Bb4
8. Ne2 Bg4 9. Qa4 Qa5 10. Qxa5 Bxa5 11. d5 Nb4 12. O-O-O Rc8 13. a3 Na2+ 14. Kb1
Nxc3+ 15. bxc3 a6 16. f3 Bf5+ 17. Kb2 Nf6 18. g4 Bg6 19. h4 h5 20. g5 Nd7
21. Bh3 Rc4 22. d6 Nc5 23. Rd5 Nd3+ 24. Kb3 b5 25. Rd1 Rxh4 26. Ng1 Nf4 27. Bxf4
Rxf4 28. Rxe5+ Kd8 29. Re7 Rc4 30. Ne2 Rh4 31. Nd4 1-0

[Event "4th Lost Boys tournament, Group A"]
[Site "Antwerp"]
[Date "1997.08.01"]
[Round "1"]
[White "Van Mechelen, Jan"]
[Black "Claesen, Pieter"]
[Result "0-1"]
[WhiteElo "2240"]
[BlackElo "2415"]
[BlackTitle "FM"]
[Source "365chess.com"]
[Board "21"]

1. c4 Nf6 2. Nf3 c6 3. d4 d5 4. cxd5 cxd5 5. Nc3 Nc6 6. Bf4 a6 7. Rc1 Bf5 8. e3
Qb6 9. Ne5 Qxb2 10. Be2 e6 11. O-O Ba3 12. Na4 Qxc1 13. Qb3 Na5 14. Qb6 Qd2 0-1

[Event "4th Lost Boys tournament, Group A"]
[Site "Antwerp"]
[Date "1997.08.01"]
[Round "1"]
[White "Dutreeuw, Marc"]
[Black "Van Houtte, Thierry"]
[Result "1-0"]
[WhiteElo "2400"]
[BlackElo "2235"]
[WhiteTitle "IM"]
[Source "365chess.com"]
[Board "22"]

1. e4 Nf6 2. e5 Nd5 3. d4 d6 4. Nf3 g6 5. Bc4 Nb6 6. Bb3 Bg7 7. Ng5 e6 8. exd6
cxd6 9. O-O O-O 10. a4 a5 11. Nc3 d5 12. Nb5 Bd7 13. c3 Bxb5 14. axb5 N8d7
15. Qd3 h6 16. Nf3 Qf6 17. Bc2 Rfc8 18. Re1 Qf5 19. Qe2 Qf6 20. Qd3 Qf5 21. Qd2
Qf6 22. b3 Re8 23. Bb2 Qd8 24. Ra2 Qc7 25. Rea1 Nc8 26. Bd3 Nd6 27. c4 b6
28. Rc1 Ne4 29. Qe3 Qb7 30. Ba1 Rec8 31. Rac2 Ndf6 32. Ne5 a4 33. bxa4 Rxa4
34. c5 Qa8 35. Bb2 bxc5 36. dxc5 Rb4 37. f3 Ng5 38. Nc6 Rxc6 39. bxc6 Qxc6
40. Be5 Nd7 41. Bxg7 Kxg7 42. Qd2 Rh4 43. Qf2 Ne5 44. Be2 Rf4 45. h4 1-0

[Event "4th Lost Boys tournament, Group A"]
[Site "Antwerp"]
[Date "1997.08.01"]
[Round "1"]
[White "Beeckmans, Felix"]
[Black "Delemarre, Jop"]
[Result "0-1"]
[WhiteElo "2235"]
[BlackElo "2395"]
[BlackTitle "IM"]
[Source "365chess.com"]
[Board "23"]

1. e4 c6 2. d3 d5 3. Nd2 e5 4. Ngf3 Bd6 5. d4 exd4 6. exd5 cxd5 7. Be2 Nc6
8. Nb3 Nge7 9. O-O Nf5 10. Nfxd4 O-O 11. c3 Re8 12. Bf3 Nh4 13. Be3 Nxf3+
14. Qxf3 Ne5 15. Qxd5 Ng4 16. Kh1 Re5 17. Qc4 Nxh2 18. Rfe1 Qh4 19. Kg1 Be6
20. Qd3 Ng4 21. Nf3 Rxe3 22. fxe3 Bh2+ 23. Nxh2 Qxh2+ 24. Kf1 Qh1+ 25. Ke2 Qxg2+
0-1

[Event "4th Lost Boys tournament, Group A"]
[Site "Antwerp"]
[Date "1997.08.02"]
[Round "2"]
[White "Hendriks, Willy"]
[Black "Vaganian, Rafael Artemovich"]
[Result "1-0"]
[WhiteElo "2360"]
[BlackElo "2640"]
[BlackTitle "GM"]
[Source "http://www.lostcity.nl/chess/antwerp97/games.html"]
[Board "1"]

1. e4 e6 2. d4 d5 3. e5 c5 4. c3 Nc6 5. Nf3 Nh6 6. Bd3 cxd4 7. cxd4 Nf5 8. Be3
Be7 9. O-O Bd7 10. Nc3 Nxe3 11. fxe3 f5 12. exf6 Bxf6 13. Ne5 Ke7 14. Ng4 Nb4
15. Rc1 Bg5 16. Kh1 Be8 17. a3 Nxd3 18. Qxd3 Bg6 19. Qd2 Rf8 20. Nb5 Rxf1+
21. Rxf1 a5 22. Ne5 Qb6 23. a4 Rc8 24. b4 Ra8 25. Qc3 Be8 26. bxa5 Rxa5 27. Qb4+
Kd8 28. Nf7+ Bxf7 29. Rxf7 Qxb5 30. Qd6+ 1-0

[Event "4th Lost Boys tournament, Group A"]
[Site "Antwerp"]
[Date "1997.08.02"]
[Round "2"]
[White "Zak, Uriel"]
[Black "Ljubojević, Ljubomir"]
[Result "1/2-1/2"]
[WhiteElo "2330"]
[BlackElo "2565"]
[WhiteTitle "IM"]
[BlackTitle "GM"]
[Source "http://www.lostcity.nl/chess/antwerp97/games.html"]
[Board "5"]

1. Nf3 d5 2. d4 Nf6 3. c4 e6 4. Nc3 Be7 5. Bg5 h6 6. Bh4 O-O 7. e3 b6 8. cxd5
exd5 9. Bd3 Bb7 10. Qc2 c5 11. O-O Nc6 12. a3 cxd4 13. Nxd4 Nxd4 14. exd4 Nh5
15. Bxe7 Qxe7 16. Rae1 Qh4 17. Qd2 Rae8 18. g3 Qd8 19. Rxe8 Rxe8 20. Re1 Nf6
21. Re3 Bc8 22. Bb5 Bd7 23. Bxd7 Qxd7 24. Re5 Re6 25. Qf4 Kf8 26. Kg2 Rd6
27. Re3 a6 28. h3 Ne8 29. Qe5 Nc7 30. Ne2 Rf6 31. Rc3 Rc6 32. Rxc6 Qxc6 33. Nf4
Qd7 34. h4 Qe7 35. Nd3 f6 36. Qxe7+ Kxe7 37. Kf3 a5 38. Ke3 g5 39. hxg5 hxg5
40. a4 Ne8 41. b3 Nd6 42. g4 f5 43. Ne5 Ke6 44. gxf5+ Nxf5+ 45. Kd3 Nd6 46. Ke3
Ne4 47. Nd3 Kf5 48. Ne5 Nxf2 49. Kxf2 Ke4 50. Nc6 Kd3 51. b4 axb4 52. Nxb4+ Kxd4
53. Nc6+ Kc5 54. Ne5 Kb4 55. Nd7 Ka5 56. Ke3 1/2-1/2

[Event "4th Lost Boys tournament, Group A"]
[Site "Antwerp"]
[Date "1997.08.02"]
[Round "2"]
[White "Avrukh, Boris Leonidovich"]
[Black "Abolianin, Arthur"]
[Result "1-0"]
[WhiteElo "2550"]
[BlackElo "2315"]
[WhiteTitle "GM"]
[Source "http://www.lostcity.nl/chess/antwerp97/games.html"]
[Board "6"]

1. d4 d5 2. c4 c6 3. Nc3 Nf6 4. e3 a6 5. Nf3 Bf5 6. cxd5 cxd5 7. Qb3 Ra7 8. Ne5
e6 9. Be2 h5 10. O-O Nbd7 11. Nxd7 Nxd7 12. e4 dxe4 13. Be3 Qb8 14. d5 Bc5
15. Bxc5 Nxc5 16. Qb6 Nd7 17. Qb4 e5 18. Rfd1 Rh6 19. Rac1 Rd6 20. Bxh5 Rb6
21. Qa5 Rxb2 22. d6 Be6 23. Nd5 Kf8 24. Qc3 Ra8 1-0

[Event "4th Lost Boys tournament, Group A"]
[Site "Antwerp"]
[Date "1997.08.02"]
[Round "2"]
[White "Timmerman, Gert-Jan"]
[Black "Lobron, Eric"]
[Result "0-1"]
[WhiteElo "2325"]
[BlackElo "2540"]
[WhiteTitle "FM"]
[BlackTitle "GM"]
[Source "http://www.lostcity.nl/chess/antwerp97/games.html"]
[Board "7"]

1. e4 c5 2. Nf3 e6 3. d4 cxd4 4. Nxd4 Qb6 5. Nb3 Nc6 6. Bd3 Nf6 7. O-O Be7
8. Nc3 d6 9. Be3 Qc7 10. f4 a6 11. a4 b6 12. Qf3 Bb7 13. Qf2 Bd8 14. Qg3 O-O
15. Rae1 Nb4 16. Bd4 Nh5 17. Qh3 g6 18. e5 Nxd3 19. cxd3 Qd7 20. g4 Ng7 21. Re3
f5 22. exf6 Bxf6 23. Ne4 Bxe4 24. Rxe4 d5 25. Re3 Qxa4 26. Bxf6 Rxf6 27. d4 Raf8
28. Qh6 g5 29. Qxg5 Rg6 30. Qe7 Nf5 0-1

[Event "4th Lost Boys tournament, Group A"]
[Site "Antwerp"]
[Date "1997.08.02"]
[Round "2"]
[White "Shchekachev, Andrei"]
[Black "Donk, Merlijn Silvester"]
[Result "1-0"]
[WhiteElo "2510"]
[BlackElo "2310"]
[WhiteTitle "GM"]
[BlackTitle "FM"]
[Source "365chess.com"]
[Board "8"]

1. e4 c5 2. Nf3 e6 3. d3 Nc6 4. g3 g6 5. Bg5 Qc7 6. Bg2 Bg7 7. c3 Nge7 8. O-O
O-O 9. Qd2 d5 10. Re1 dxe4 11. dxe4 e5 12. Na3 Be6 13. Qe2 a6 14. Be3 b6
15. Rec1 Nd8 16. b4 Nb7 17. Nc4 b5 18. Ncd2 Rac8 19. Ng5 Bd7 20. Nb3 h6 21. Nf3
c4 22. Nc5 Nxc5 23. Bxc5 Bg4 24. a4 Ra8 25. Ra3 Bf6 26. Rca1 Qb7 27. h3 Bxf3
28. Qxf3 Kg7 29. axb5 axb5 30. Ra7 Qc6 31. h4 Rfd8 32. Rxa8 Rxa8 33. Rd1 Qc7
34. Rd6 Ng8 35. Bh3 Rd8 36. Qd1 Rxd6 37. Qxd6 Qb7 38. Qf8+ Kh8 39. Bc8 Qc7
40. Qe8 Kg7 41. Bd7 Qb7 42. Qf8+ Kh8 43. Qxf7 Qxe4 44. Be6 1-0

[Event "4th Lost Boys tournament, Group A"]
[Site "Antwerp"]
[Date "1997.08.02"]
[Round "2"]
[White "Cools, Gorik"]
[Black "Röder, Mathias"]
[Result "1/2-1/2"]
[WhiteElo "2300"]
[BlackElo "2435"]
[BlackTitle "IM"]
[Source "365chess.com"]
[Board "11"]

1. e4 c5 2. Nf3 d6 3. Bb5+ Bd7 4. Bxd7+ Qxd7 5. O-O Nc6 6. b3 Nf6 7. Qe2 g6
8. Bb2 Bg7 9. d4 Nh5 10. Rd1 Nf4 11. Qf1 cxd4 12. Nxd4 Rc8 13. Na3 Ne6 14. c3
Ncxd4 15. cxd4 d5 16. e5 Bh6 17. Nb5 Rc2 18. Bc1 Rxc1 19. Raxc1 Bxc1 20. Rxc1 a6
21. Nc3 O-O 22. Qd1 Rc8 23. Qd2 Kg7 24. f4 b5 25. Kf2 f6 26. Ne2 Rxc1 27. Qxc1
b4 28. Qd2 Qb5 29. h4 Qb6 30. Ke3 h5 31. Qc2 f5 32. Qc8 Kf7 33. Qd7 1/2-1/2

[Event "4th Lost Boys tournament, Group A"]
[Site "Antwerp"]
[Date "1997.08.02"]
[Round "2"]
[White "Van der Stricht, Geert"]
[Black "Shirazi, Kamran"]
[Result "1-0"]
[WhiteElo "2270"]
[BlackElo "2430"]
[BlackTitle "IM"]
[Source "365chess.com"]
[Board "12"]

1. d4 Nf6 2. c4 b6 3. g3 Bb7 4. Nf3 e5 5. dxe5 Ng4 6. Bg2 Nxe5 7. Nbd2 Nxf3+
8. Nxf3 Bb4+ 9. Bd2 Bxd2+ 10. Qxd2 O-O 11. O-O a5 12. Rad1 Re8 13. e3 Qf6
14. Qd4 Qe7 15. Rd2 Qb4 16. Rfd1 d6 17. Nh4 Bxg2 18. Nf5 Re5 19. Qxe5 1-0

[Event "4th Lost Boys tournament, Group A"]
[Site "Antwerp"]
[Date "1997.08.02"]
[Round "2"]
[White "de Waal, Mark"]
[Black "van Mil, Johan"]
[Result "1-0"]
[WhiteElo "2255"]
[BlackElo "2420"]
[BlackTitle "IM"]
[Source "365chess.com"]
[Board "13"]

1. d4 g6 2. e4 Bg7 3. c3 d5 4. Nd2 c6 5. g3 Nh6 6. Bg2 O-O 7. Ne2 Na6 8. O-O
Nc7 9. Nf4 b6 10. Re1 Re8 11. a4 Ba6 12. exd5 cxd5 13. Nf3 e6 14. Ne5 Nf5 15. h4
f6 16. Nc6 Qd7 17. Nb4 Bb7 18. a5 bxa5 19. Rxa5 Nd6 20. Nfd3 Qf7 21. Nc5 Bc8
22. b3 a6 23. Bf4 Bf8 24. Nbd3 Nb7 25. Nxb7 Bxb7 26. Nc5 Bc8 27. c4 Ra7 28. Qd2
Rd8 29. Bxc7 Rxc7 30. cxd5 Bxc5 31. dxc5 exd5 32. c6 d4 33. h5 Be6 34. b4 Bc4
35. Rc5 Bb5 36. h6 Kf8 37. Re4 d3 38. Rf4 Rd6 39. Kh2 g5 40. Rxg5 Bxc6 41. Rg7
Qh5+ 42. Rh4 Qe2 43. Qf4 Qe5 44. Qc4 Rxg7 45. hxg7+ Kxg7 46. Bxc6 f5 47. Bf3 Rd7
48. Kg2 d2 49. Rh1 f4 50. Qxf4 Qxf4 51. gxf4 Rd4 52. Rd1 Kf6 53. Kg3 Rd3 54. Kg4
h5+ 55. Kg3 Kf5 56. Kg2 h4 57. Be2 Rd6 58. Kf3 Rd4 59. Bxa6 Rxf4+ 60. Ke2 Rxb4
61. Rxd2 Kf4 62. Bc8 Rc4 63. Bd7 Ke4 64. Kf1 Rc5 65. Kg2 Rg5+ 66. Kh3 Rg6
67. Bg4 Rf6 68. Ra2 Rf8 69. Kxh4 1-0

[Event "4th Lost Boys tournament, Group A"]
[Site "Antwerp"]
[Date "1997.08.02"]
[Round "2"]
[White "Claesen, Pieter"]
[Black "Henris, Luc"]
[Result "1/2-1/2"]
[WhiteElo "2415"]
[BlackElo "2240"]
[WhiteTitle "FM"]
[BlackTitle "FM"]
[Board "14"]

1. Nc3 d5 2. e4 dxe4 3. Nxe4 Nd7 4. Bc4 Ngf6 5. Ng3 e6 6. Nf3 Bd6 7. O-O O-O
8. Re1 c5 9. b3 b6 10. Bb2 Bb7 11. Ng5 Bd5 12. Qe2 Qc7 13. Rad1 Rae8 14. Bb5 Bc6
15. Bxc6 Qxc6 16. N5e4 Nxe4 17. Qxe4 Qxe4 18. Nxe4 Be7 19. d4 Nf6 20. dxc5 Nxe4
21. Rxe4 Bxc5 22. Re2 Rd8 23. Red2 Be7 24. Kf1 Rxd2 25. Rxd2 Rd8 26. Rxd8+ Bxd8
27. Ke2 Bc7 28. h3 f5 29. Kd3 Kf7 30. Kc4 a6 31. a4 g5 32. a5 b5+ 33. Kc5 Bxa5
34. b4 Bd8 35. Kc6 Be7 36. Bc3 Ke8 37. Bd2 h5 38. f3 g4 39. hxg4 fxg4 40. fxg4
hxg4 41. Be1 1/2-1/2

[Event "4th Lost Boys tournament, Group A"]
[Site "Antwerp"]
[Date "1997.08.02"]
[Round "2"]
[White "Manouck, Thierry"]
[Black "Dutreeuw, Marc"]
[Result "0-1"]
[WhiteElo "2230"]
[BlackElo "2400"]
[BlackTitle "IM"]
[Source "http://www.lostcity.nl/chess/antwerp97/games.html"]
[Board "15"]

1. c4 e6 2. Nf3 Nf6 3. g3 d5 4. b3 Be7 5. Bg2 O-O 6. O-O b6 7. Bb2 Bb7 8. e3
Nbd7 9. cxd5 Nxd5 10. a3 N5f6 11. d4 c5 12. Nbd2 Rc8 13. Rc1 Rc7 14. Qe2 Qa8
15. Rc2 Rcc8 16. Rfc1 Rfd8 17. Qf1 Bd5 18. dxc5 Nxc5 19. Nd4 Bxg2 20. Qxg2 Nd3
21. Rxc8 Rxc8 22. Rxc8+ Qxc8 23. Nc6 Bf8 24. Bxf6 gxf6 25. b4 f5 26. b5 Qd7
27. Qf3 Ne1 28. Qe2 Qxd2 29. Qxd2 Nf3+ 0-1